Statistics for The Dictator Files: Enver Hoxha

Click here to take the quiz!

General Stats

  • This quiz has been taken 75 times
  • The average score is 9 of 15

Answer Stats

HintAnswer% Correct
Country he build close ties with after leaving alliance aboveChina
88%
Alliance his country was in until 1961Warsaw Pact
85%
Communist country that had hostile relationsYugoslavia
85%
Build these all over the countryDomes
82%
Empire that occupied Albania when he was bornOttoman Empire
81%
Political Party that he was the head ofParty of Labour of Albania
81%
City he died inTirana
79%
Described as having a Cult ofPersonality
67%
Year that he died1985
66%
Year he was born1908
58%
Became the first state to flat out ban this:Religion
49%
"the only religion of Albania is_________"Albanianism
45%
Secret Police ServiceSigurimi
25%
Were not allowed to inherit anything from their parentsWomen
25%
Gang that tried to assassinate himBanda Mustafaj
12%

Score Distribution

Percentile by Number Answered

Percent of People with Each Score

Your Score History

You have not taken this quiz